000 00437nam a2200169Ia 4500
008 230524s9999 xx 000 0 und d
020 _a9780070252200
082 _a621.382
_bLEE
100 _aWilliam C.Y.Lee
245 0 _aMobile Communications Engineering (Theory & Applications)
250 _a2ND
260 _aNEW DELHI
_bMGH
_c2008
300 _aXV;673
500 _aQuantity Number: 60
650 _aElectronics
942 _cBK
999 _c41751
_d41751